000
00215nam a2200097Ia 4500
008
190216s9999||||xx |||||||||||||| ||und||
100
_a
Null
245
0
_a
Hindi-Gad Sayan
260
_b
Chintha Publishers
942
_c
BK
999
_c
17373
_d
17373